Talism e Hoshruba (Record no. 612818)

000 -LEADER
fixed length control field 00248nam a22001097a 4500
040 ## - CATALOGING SOURCE
Transcribing agency CL
100 ## - MAIN ENTRY--PERSONAL NAME
Personal name Muhammad Hassan Askari
9 (RLIN) 127805
245 ## - TITLE STATEMENT
Title Talism e Hoshruba
260 ## - PUBLICATION, DISTRIBUTION, ETC.
Place of publication, distribution, etc. Lahore
Name of publisher, distributor, etc. Alhamd Publications
300 ## - PHYSICAL DESCRIPTION
Extent 316p.
942 ## - ADDED ENTRY ELEMENTS (KOHA)
Source of classification or shelving scheme
Koha item type Book
Holdings
Withdrawn status Lost status Source of classification or shelving scheme Damaged status Not for loan Permanent Location Current Location Shelving location Date acquired Total Checkouts Full call number Barcode Date last seen Price effective from Koha item type
          Central Library (CL) Central Library (CL) Fiction 02/10/2025   891.43936 HAS CL-D-2741 05/05/2025 02/10/2025 Book
© 2023 Central Library, National University of Sciences and Technology. All Rights Reserved.